00436nam a2200157Ia 4500003000900000008004100009040001600050080001600066100002100082245007300103260003700176300001000213650001600223650001900239700002000258IN-BaIIA211028s9999 xx 000 0 eng d cIIA Library a621.38bBAT aBatcher, Ralph R 4aThe electronic control handbookcRalph R. Batcher and William Moulic aNew YorbCaldwell-Clementsc1946 a344p. aElectronics aNASA Thesaurus aMoulic, William